000 00504nam a22001577a 4500
082 _a621.3
_bSHA
100 _aShah, Muhammad Faseeh Ul Zaman (450664)
_9132329
245 _aImprovement of Electrochemical Properties of Layered Cathode Materials for Sodium-ion Batteries /
264 _aIslamabad :
_bUSPCAS-E, NUST
_cJuly, 2025
300 _axii, 47 p.
_e+CD
520 _aTH-643
650 _aMS ESE Thesis
650 _aMS Thesis
_918721
700 _aSupervisor: Dr. Ghulam Ali
942 _2ddc
_cTHE
999 _c615548
_d615548